Statistics for Australian States and Territories Quiz

Click here to take the quiz!

General Stats

  • This quiz has been taken 39,191 times
    (39,186 since last reset)
  • The average score is 6 of 8

Answer Stats

State or Territory % Correct
Tasmania
92%
Queensland
88%
New South Wales
88%
Western Australia
85%
Victoria
79%
South Australia
76%
Northern Territory
71%
Australian Capital Territory
56%

Score Distribution

Percentile by Number Answered

Percent of People with Each Score

Your Score History

You have not taken this quiz since the last reset